000 00783cam a22002411 4500
001 sg 44000293
003 DLC
005 20260227112744.0
008 810725s1944 xx f 000 0 eng
010 _asg 44000293
035 _a(OCoLC)14734811
040 _aDLC
_cDNLM
_dDLC
042 _apremarc
050 0 0 _aRB37
_b.K4 1944
060 0 _aQY 25
_bK29m 1944
100 1 _aKeller, Alexander George,
_d1895-
245 1 0 _aManual of the biochemical laboratories of the Graduate hospital, University of Pennsylvania,
_ccompiled by Alexander G. Keller, jr. ...
250 _a3d ed.
260 _a[Philadelphia,
_bUniversity of Pennsylvania]
_c1944.
300 _a154 p.
_bplates.
504 _aIncludes "References."
710 2 _aUniversity of Pennsylvania.
_bGraduate hospital.
999 _c90495
_d90495